[Event "ACL-A108"]
[Site "www.playchess.de"]
[Date "2001.03.19"]
[Round "9"]
[White "wael"]
[Black "Vampyr"]
[WhiteElo "1100"]
[BlackElo "1580"]
[PlyCount "21"]
[Result "1-0"]

1.e4 c5 {we play an another game?}  2.Nf3 {yes 
dont loss thes game too}  Nc6 3.d4 cxd4 {joker}  
4.Nxd4 {what do you mean}  Nf6 {i win now}  5.Nc3 
e5 6.Nb3 Bb4 7.Bd3 Bxc3+ 8.bxc3 O-O 9.O-O d5 
10.Bg5 h6 11.Bxf6 1-0

[Event "HCL-C207"]
[Site "www.playchess.de"]
[Date "2001.03.19"]
[Round "5"]
[White "sarek"]
[Black "Aldebaran"]
[WhiteElo "1119"]
[BlackElo "1000"]
[PlyCount "21"]
[Result "1-0"]

1.e4 e5 {hi, have a nice game!}  2.Nf3 {same to 
you..}  Nc6 3.Bb5 Nge7 4.O-O a6 5.Ba4 b5 6.Bb3 d6 
7.Ng5 Be6 8.Bxe6 fxe6 9.Nxe6 Qd7 10.Nxf8 Rxf8 
11.Qh5+ 1-0

[Event "HCL-B221"]
[Site "www.playchess.de"]
[Date "2001.03.19"]
[Round "2"]
[White "patharp"]
[Black "assmonkey"]
[WhiteElo "1200"]
[BlackElo "917"]
[PlyCount "57"]
[Result "1-0"]

1.e4 {hi,hope we have an intresting game.}  e5 {Me 
too.  Good luck.}  2.Nf3 {.}  Nc6 {Are you from 
England?}  3.Bc4 {yes,uk birmingham you?}  Nf6 
{Boston.I asked ragadous where he was from in 
England, he said he was Scottish.Now he won't talk 
to m}  4.d3 {thats the scots for you,all they do 
is fight,and they love fighting games}  Bb4+ 
{Aren't they a separate country?}  5.Bd2 
{no,scotland england and wales are all one land 
mas.}  Bxd2+ {But does England rule Scotland and 
Wales or are they separate goverenments?}  6.Nbxd2 
{scotland has there own gov..now but wales and 
enland have the same gov}  O-O 7.a3 b6 8.Ba2 Bb7 
9.Qe2 Re8 10.h4 Nd4 {jogdish}  11.Nxd4 exd4 
12.O-O-O d5 13.e5 Nd7 14.f4 Nc5 15.g3 Re7 16.Nf3 
f6 17.Qf2 Ne6 18.exf6 gxf6 19.Nxd4 Nxd4 20.Qxd4 
Re2 21.Rd2 Rxd2 22.Kxd2 Qe7 23.Re1 Qf7 24.f5 Kf8 
25.Re6 Kg7 26.Bxd5 Bxd5 27.Qxd5 Re8 28.Rxe8 Qxe8 
29.Qe4 1-0

[Event "HCL-B221"]
[Site "www.playchess.de"]
[Date "2001.03.19"]
[Round "6"]
[White "patharp"]
[Black "lonewolf"]
[WhiteElo "1200"]
[BlackElo "1200"]
[PlyCount "46"]
[Result "0-1"]

1.e4 {hi,hope we have an intresting game.}  e6 
{thanks,i hope so too}  2.Nc3 {.}  d5 3.exd5 Bc5 
4.Bb5+ c6 5.dxc6 bxc6 6.Ba4 Ba6 7.Qg4 Nf6 8.Qh4 
O-O 9.Nf3 Qc7 10.d3 Nbd7 11.a3 Ne5 12.Bf4 Nxf3+ 
13.gxf3 Qb6 14.Rb1 Nd5 15.Nxd5 cxd5 16.b4 Bd4 
17.Rg1 e5 18.Bd2 Rac8 19.Rg2 Rc7 20.Kd1 f5 21.Rb3 
Bb5 22.Bxb5 Qxb5 23.Be3 Qc6 0-1

[Event "HCL-C213"]
[Site "www.playchess.de"]
[Date "2001.03.19"]
[Round "12"]
[White "kazan"]
[Black "Coney"]
[WhiteElo "1000"]
[BlackElo "1087"]
[PlyCount "37"]
[Result "1-0"]

1.e4 e5 2.Nf3 Nc6 3.Bb5 a6 4.Ba4 Nf6 5.O-O b5 
6.Bb3 d5 7.exd5 Nxd5 8.d4 Nxd4 9.Nxd4 exd4 10.Qxd4 
Bb7 11.Re1+ Ne7 12.Qe5 f6 13.Qe6 Qd6 14.Qf7+ Kd8 
15.Bf4 Qxf4 16.Rd1+ Qd6 17.Rxd6+ cxd6 18.Nc3 Ng6 
19.Qxb7 1-0

[Event "HCL-C213"]
[Site "www.playchess.de"]
[Date "2001.03.19"]
[Round "13"]
[White "guerino"]
[Black "kazan"]
[WhiteElo "1134"]
[BlackElo "1000"]
[PlyCount "26"]
[Result "0-1"]

1.e4 e6 2.d4 d5 3.Nc3 Bb4 4.e5 c5 5.a3 Ba5 6.b4 
cxd4 7.Qg4 Ne7 8.Qxg7 Rg8 9.Qxh7 Qc7 10.Nb5 Qxe5+ 
11.Be2 d3 12.c3 Rxg2 13.bxa5 Rxg1+ 0-1

[Event "HCL-A097"]
[Site "www.playchess.de"]
[Date "2001.03.19"]
[Round "7"]
[White "Alyaspogi"]
[Black "Chapo"]
[WhiteElo "1546"]
[BlackElo "1984"]
[PlyCount "44"]
[Result "0-1"]

1.e4 c5 2.Nf3 d6 3.d4 cxd4 4.Nxd4 Nf6 5.Nc3 a6 
6.Be2 e6 7.Bg5 Be7 8.Qd2 Qc7 9.f4 Nc6 10.Nxc6 bxc6 
11.O-O-O d5 12.e5 Ng8 13.Bxe7 Nxe7 14.g4 c5 15.h4 
O-O 16.h5 h6 17.g5 hxg5 18.Rdg1 d4 19.Ne4 Bb7 
20.Qd3 c4 21.Qxd4 Nf5 22.Qxc4 Qxc4 0-1

[Event "HCL-A097"]
[Site "www.playchess.de"]
[Date "2001.03.19"]
[Round "9"]
[White "Alyaspogi"]
[Black "THE-WARRIOR"]
[WhiteElo "1546"]
[BlackElo "1314"]
[PlyCount "70"]
[Result "0-1"]

1.e4 e6 2.d4 d5 3.e5 c5 4.Nf3 cxd4 5.Nxd4 Nc6 
6.Bb5 Bd7 7.Bxc6 bxc6 8.O-O c5 9.Nf3 Ne7 10.Bg5 
Qc7 11.Nc3 Ng6 12.Qe2 Rb8 13.b3 d4 14.Ne4 Bb5 
15.Qd2 Bxf1 16.Rxf1 Nxe5 17.Nxe5 f6 18.Nxf6+ gxf6 
19.Bxf6 Rg8 20.Nc4 Rb7 21.Qe2 Qf7 22.Qf3 Rb8 
23.Ne5 Qb7 24.Qh5+ Rg6 25.Nxg6 hxg6 26.Qxg6+ Qf7 
27.Qxf7+ Kxf7 28.Be5 Rd8 29.Rd1 Rd5 30.f4 Bg7 
31.Bxg7 Kxg7 32.g3 Kf6 33.Kf2 e5 34.fxe5+ Rxe5 
35.Rf1 Kg6 0-1

[Event "HCL-B223"]
[Site "www.playchess.de"]
[Date "2001.03.19"]
[Round "10"]
[White "whatsleft2"]
[Black "MP"]
[WhiteElo "1200"]
[BlackElo "1155"]
[PlyCount "37"]
[Result "1-0"]

1.e4 {goodluck}  c5 {good luck on the game}  2.d4 
{where are you from}  cxd4 {Cleveland, Ohio and 
you?}  3.c3 {seadrift tx}  dxc3 4.Nxc3 Nc6 5.Nf3 
e5 6.Bc4 Be7 7.Qd5 Nh6 8.Bxh6 O-O 9.Be3 d6 10.Qd2 
Bg4 11.Nd5 Be6 12.Rd1 Bxd5 13.Bxd5 Rb8 14.O-O a6 
15.Rdc1 Rc8 16.Rc4 Qd7 17.Bxc6 Rxc6 18.Nxe5 Qe6 
19.Nxc6 1-0

[Event "HCL-C224"]
[Site "www.playchess.de"]
[Date "2001.03.19"]
[Round "18"]
[White "DrNickRiviera"]
[Black "yaroslav"]
[WhiteElo "1074"]
[BlackElo "1109"]
[PlyCount "32"]
[Result "0-1"]

1.d4 d5 2.Nf3 f5 3.Bf4 e6 4.e3 Qf6 5.Be5 Qf7 6.Nc3 
Bb4 7.Be2 Qg6 8.Bxc7 Nc6 9.O-O b6 10.Bb5 Nge7 
11.Ne5 Qf6 12.Bd6 Bxd6 13.Nxc6 Bd7 14.Nxe7 Qxe7 
15.Be2 Qh4 16.Nb5 Qxh2+ 0-1

[Event "ACL-A112"]
[Site "www.playchess.de"]
[Date "2001.03.19"]
[Round "3"]
[White "kazan"]
[Black "flywheel"]
[WhiteElo "1500"]
[BlackElo "1500"]
[PlyCount "26"]
[Result "0-1"]

1.d4 d5 2.Nf3 Bg4 3.c4 dxc4 4.Qa4+ Nd7 5.Ne5 e6 
6.Nxg4 Qh4 7.Ne5 Qxd4 8.Nxd7 Qxd7 9.Qxc4 O-O-O 
10.Nc3 Nf6 11.Bf4 e5 12.Be3 h5 13.Bxa7 
Qd2+ 0-1

[Event "HCL-B224"]
[Site "www.playchess.de"]
[Date "2001.03.19"]
[Round "17"]
[White "Translightor"]
[Black "Bauernopfer"]
[WhiteElo "1489"]
[BlackElo "1336"]
[PlyCount "56"]
[Result "0-1"]

1.e4 {Bauernopfer? Der Name kommt mir bekannt 
vor... Dann also auf ein Neues!}  e5 {Bei dir 
scheint der Spielwahn ausgebrochen zu sein. 
Überall liest man Translightor.}  2.Nf3 {Ich bin 
nun mal schachsüchtig. Es gibt aber auch ein paar 
Turniere ohne mich.}  Nc6 {Bei der Statistik meist 
Spiele bist du an mir vorbeigezogen und liegst nun 
knapp vor mir.}  3.Bb5 {Da gibt es einige mit über 
150. Dauert noch ein bißchen, bis wir die 
eingeholt haben.}  Nge7 {Ja, einer, Gruhni, ist 
ein Bekannter von mir (selber Schachclub). Der hat 
immer 50 Partien laufen.}  4.O-O {Da heißt es: 
Kämpfen! Spätestens bei 500 haben wir ihn!!!}  a6 
{Na, das wird dann aber noch 5 Jahre dauern.}  
5.Ba4 {Ist doch schön, wenn man noch langfristige 
Ziele hat.}  d6 {Heute morgen gab es schon wieder 
Probleme mit dem Server.}  6.c3 {So lange es nur 
ein paar Stunden sind, ist es zu ertragen.}  Bd7 
{Na es nervt mittlerweile.}  7.d4 {Im Moment 
häufen sich die Zwangspausen doch. So dauert's 
wirklich noch lange bis 500...}  exd4 {Hatte seit 
gestern 12.00 Uhr keine Probleme mehr.}  8.cxd4 
{Ich war bis Mitternacht nicht mehr reingekommen 
und "arbeite" erst seit einer Stunde wieder.}  Ng6 
{Liegt vielleicht auch daran, daß ich hier an 
einer Universitätsstandleitung sitze.}  9.Nc3 
{Immerhin scheint das "Wochenende" jetzt vorbei zu 
sein.}  Na7 {Ja, bei Schätzungsweise 50 Partien 
deinerseits brauch man schon mal 2 Stunden um 
überall zu spielen.}  10.Bb3 {Im Schnitt sind es 
3-4 Stunden am Tag - schrecklich!}  f6 
{Unglaublich, sonst nichts zu tun?}  11.Be3 {Ich 
versuche, die auf den ganzen Tag zu verteilen. Ist 
mal ne gute Entspannung während der Arbeit.}  Nb5 
{Ja, da kenn ich noch so einen. Spielt nur Schach 
an der Arbeit. ;)}  12.Qc2 {Die letzten Tage waren 
hart. Da musste ich vor lauter Langeweile 
tatsächlich arbeiten ;)}  Nxc3 {Stimmt, habe 
Kriminalfälle auf www.todesursachemord.de gelöst}  
13.bxc3 {Man musste direkt Angst haben, dass 
PlayChess dort auch landet.}  Qe7 {Was ist 
eigentlich im Forum los? Da wird ja ein Ton 
eingeschlagen.}  14.Rfe1 {Da hat sich ein 
Wahnsinniger breitgemacht. Es gibt jetzt ein neues 
Schimpfwort: Du ffossa!}  O-O-O {Stimmt. Ich weiß 
gar nicht, was der gegen die Chinesen hat? Und 
spielen tut der auch nicht hier.}  15.Nd2 {Na 
gottseidank, hast Du Lust, zu jedem Zug 100 
Zeichen Müll zu lesen?}  Be6 {Nein, eigentlich 
nicht.}  16.d5 {Ich hoffe, dass der Spuk vorbei 
ist und wir uns jetzt wieder aufs Spielen 
konzentrieren.}  Bd7 {Und wieder zurück.}  17.c4 
{Durch diese lange Auszeit weiß ich gar nicht 
mehr, was ich in welcher Partie für 'nen Plan 
hatte.}  Ne5 {Wunderbar, dann ist der Sieg ja 
schon meiner.}  18.h3 {Vielleicht finde ich ja 
'nen neuen Plan.}  g5 {Was will dieser ffossa 
eigentlich. Jetzt habe ich von spaming gelesen.}  
19.f4 {Er hat einfach einen Hass auf die ganze 
Welt, insbesondere China. Weiß der Geier, warum!}  
gxf4 {Gratulation: Nun 7. Platz bei meiste 
Spiele.}  20.Bxf4 {Bald  auch die meisten 
Niederlagen. Ich bin im Moment völlig von der 
Rolle!}  Ng6 {Bei mir läufts momentan auch nicht 
so gut.}  21.Be3 {Ich stelle im Moment überall 
Bauern und Figuren ein. Dank ffossa und 
Serverausfall!}  Rg8 {Wieso dank ffossa?}  22.Kh2 
{Weil mir so was jede Lust am Schach nimmt. 
Mindestens die Konzentration.}  Ne5 {Na denn.}  
23.Qc3 {Hat Dir denn die Zwangspause gar nichts 
ausgemacht?}  Qg7 {Nein, überhaupt nicht. Die 
große über Weihnachten bis Ende Januar aber ja.}  
24.Re2 {Auf einmal stehe ich in fast allen Partien 
schlechter als vor einer Woche.}  Qg3+ {.}  25.Kh1 
{Sieht übel aus. Mal sehen, wie Du weiterspielst.} 
 Bxh3 {Gute Frage. Es scheint irgendwie nicht mehr 
weiterzugehen. Aber Lxh3 sieht erst mal gut aus.}  
26.gxh3 {In dieser Stellung hilft nur Beten, dass 
Du Deine Reserven nicht ins Spiel bekommst.}  Nf3 
{Ist es schon so schlimm.}  27.Bf4 {Nö, ich habe 
mir nur gerade eine Datenbank über Deine Drohungen 
angelegt.}  Qg1+ {Wie habe ich das mit der 
Datenbank zu verstehen? Jetzt ist es übrigens ein 
Matt.}  28.Rxg1 {Scherz! Wäre doch in allen 
Varianten (auch nach Sxf3) Matt geworden, oder? 
Glückwunsch!}  Rxg1+ 0-1

[Event "HCL-B224"]
[Site "www.playchess.de"]
[Date "2001.03.19"]
[Round "29"]
[White "richard"]
[Black "sonnygarcia"]
[WhiteElo "1500"]
[BlackElo "1124"]
[PlyCount "29"]
[Result "1-0"]

1.e4 {greetings from Amherst, MA}  e6 {Live long 
and prosper from the Philippines!}  2.d3 {we are 
waiting for the blizzard}  d5 {I hope ther is not 
much damage.}  3.Nd2 {two feet of snow}  dxe4 {It 
does not snow here in the Philippines.}  4.dxe4 
{how did you leaarn about this web site?}  c5 
{through the web search}  5.Bb5+ {I found it 
through the red box chess web site listing}  Bd7 
6.Qe2 Nc6 7.c3 Nf6 8.Ngf3 a6 9.Ba4 b5 10.Bc2 c4 
11.a3 Bc5 12.O-O O-O 13.e5 Nd5 14.Ne4 {free at 
last, free at last}  f5 15.Nxc5 {if you haven't 
blundered, then show me}  1-0

[Event "HCL-A103"]
[Site "www.playchess.de"]
[Date "2001.03.19"]
[Round "10"]
[White "jmcerna"]
[Black "Tiger"]
[WhiteElo "1550"]
[BlackElo "1700"]
[PlyCount "30"]
[Result "0-1"]

1.e4 c5 2.Nf3 Nc6 3.d4 cxd4 4.Nxd4 Nf6 5.Nc3 e5 
6.Ndb5 d6 7.Bg5 a6 8.Na3 b5 9.Bxf6 gxf6 10.Nd5 Bg7 
11.c3 f5 12.Bd3 Be6 13.O-O Bxd5 14.exd5 Ne7 15.c4 
e4 0-1

[Event "ACL-A117"]
[Site "www.playchess.de"]
[Date "2001.03.19"]
[Round "18"]
[White "Tiger"]
[Black "MP"]
[WhiteElo "1500"]
[BlackElo "829"]
[PlyCount "33"]
[Result "1-0"]

1.e4 c5 2.Nf3 d6 3.d4 cxd4 4.Nxd4 Nc6 5.Nc3 Nf6 
6.Bg5 e6 7.Qd2 Be7 8.O-O-O e5 9.Nxc6 bxc6 10.Bxf6 
{f}  gxf6 11.Bc4 Be6 12.Bxe6 fxe6 13.g3 Kf7 
14.Rhf1 Qc7 15.f4 exf4 16.Qxf4 Qa5 
17.Rxd6 1-0

[Event "HCL-B229"]
[Site "www.playchess.de"]
[Date "2001.03.19"]
[Round "9"]
[White "dg"]
[Black "Michael"]
[WhiteElo "1095"]
[BlackElo "929"]
[PlyCount "81"]
[Result "1-0"]

1.e4 e5 2.Nf3 Bd6 3.d4 Qf6 4.Bg5 Qg6 5.Qd2 Qxe4+ 
6.Be2 f6 7.Nc3 Qc6 8.dxe5 fxg5 9.exd6 cxd6 10.Qxg5 
g6 11.Ne5 dxe5 12.Qxe5+ Qe6 13.Qxh8 Nc6 14.O-O-O 
Nb4 15.Rhe1 Nxa2+ 16.Nxa2 Kd8 17.Nc3 a5 18.Qxh7 a4 
19.Nb1 Kc7 20.Bd3 Qd5 21.Bxg6 Qc4 22.Bf7 Qf4+ 
23.Rd2 Nf6 24.Qd3 Ra6 25.Qc3+ Kb8 26.Bc4 Ne4 
27.Rxe4 Qxe4 28.Bxa6 Qe1+ 29.Rd1 Qxf2 30.Bd3 Qf4+ 
31.Qd2 Qxh2 32.Bb5 Qh4 33.Bxd7 Qc4 34.Bxc8 Qxc8 
35.Qd8 Qxd8 36.Rxd8+ Kc7 37.Rd1 Kc6 38.g4 b5 39.g5 
Kc5 {You don't need a queen}  40.g6 Kc4 
41.g7 1-0

[Event "HCL-B229"]
[Site "www.playchess.de"]
[Date "2001.03.19"]
[Round "35"]
[White "Lycanth"]
[Black "dakini"]
[WhiteElo "1200"]
[BlackElo "1145"]
[PlyCount "97"]
[Result "1-0"]

1.e4 {Hello}  c6 {Hi!}  2.d4 d5 {Let´s go 
Caro-Kann}  3.exd5 cxd5 4.Bd3 Nc6 5.c3 Nf6 6.Bf4 
e6 7.Nf3 Bd6 8.Bg3 O-O 9.Qc2 g6 10.O-O a6 11.Nbd2 
b5 12.Rae1 Re8 13.Ne5 Qc7 14.f4 Nxd4 15.cxd4 Qxc2 
16.Bxc2 Bb4 17.Re2 a5 18.a3 {did i miss something 
or u lose a knight ?}  Bd6 19.Rf3 b4 {It happens! 
No chess computers more fun ... ;-))}  20.Bh4 
{hehe yes :) but me i verify what i want to play 
on a real chessboard for more security :)}  Ne4 {I 
don´t have the time in the moment to think it all 
over. About 15 sec and go! :-))}  21.Nxe4 dxe4 
22.Bxe4 Rb8 23.d5 bxa3 24.bxa3 exd5 25.Bxd5 Bc5+ 
26.Kf1 Ba6 27.Bc4 Rb1+ 28.Re1 Rxe1+ 29.Bxe1 Bxc4+ 
30.Nxc4 a4 31.Bb4 Bxb4 32.axb4 Rc8 33.Nb6 Rb8 
34.Nxa4 Rxb4 35.Nc5 {i think i ll won this game 
:)}  Rc4 {Youir horse will need a good breath ... 
:-)) Do you have a comp to verify it?}  36.Nd7 
{hehe i have a good horse :) no comp to verify it 
but i dont imagine loosing this game :)}  Rc7 
{nothing against your horse! Seems to be a good 
one... seems ...}  37.Nf6+ {hehe i ll tell to my 
horse to come back near me it s more safe :)}  Kf8 
{I´ll defense as long as you hesítate to offer 
draw. But a nice game nevertheless... Hope to play 
som}  38.Kf2 {i ll try to won this games quiclky 
:) i just need one more valid game to enroll me in 
a new tourmane}  Rc2+ {Did you start in HCL 
C-Class or in HCL B-Class??}  39.Kg3 {This my 
first tournament so i start in HCL C but what is 
the difference i didnt choice it}  Kg7 {To play on 
level "B" we had to win one tournament level "C" . 
We play in "B" here. You play good!}  40.Ng4 {oh 
oki , btw i m not good, i m playing often on 
Kasparovchess 5 min games and i loose often :)}  
h5 {Can you give me the internet address of these 
5-min-games please?}  41.Ne3 {sure 
www.kasparov.com u need to download a file, 
register u and go :)}  Rd2 {thx}  42.h4 f6 43.Kh3 
f5 44.Nc4 Rc2 45.Ne5 Kh6 46.Rg3 {i dont want a 
draw i think i ll win :)}  Rf2 {:-) It looks good 
for you ...}  47.Rxg6+ Kh7 48.Kg3 Rd2 
49.Rg5 1-0

[Event "HCL-B232"]
[Site "www.playchess.de"]
[Date "2001.03.19"]
[Round "7"]
[White "dakini"]
[Black "player27"]
[WhiteElo "1145"]
[BlackElo "1432"]
[PlyCount "52"]
[Result "0-1"]

1.d4 {Auf ein Neues!}  e6 {auf ein Neues! die 
dringend notwendige Spielpause kann ich mir wohl 
abschminken ; )}  2.e4 {Dasgleiche habe ich soeben 
auch getan!}  d5 {spielst du augenblicklich noch 
auf anderen Server Schach?  andy}  3.e5 {Nur noch 
hier. Alles andere kostet zuviel Zeit. Hier ist 
das handling sehr angenehm. Fehlt nur ein G}  c5 
{na das geht ja noch, stressig die 
unterschiedlichen Zugeingaben aller Spiele 
zusammen}  4.Nf3 {HIer gehts: Nervig ist nur wenn 
tagelang kein Zug kommt un ddu teilweise 30 Tage 
warten darfst ...}  cxd4 {kann dir bei 
freechess.de nicht passieren! nach max 3Tagen 
abmahnung, dann bye bye}  5.Nxd4 {Bei freechess 
habe ich noch nicht reingeschaut, dazu reicht die 
Zeit leider nicht mehr aus}  Nc6 {lass dir Zeit- 
ist sehr umfangreich}  6.Nxc6 bxc6 7.Bd3 c5 8.O-O 
Ne7 {einen schönen Abend! Gruss andy}  9.Bg5 
{Danke! Wünsche ich ebenfalls!}  c4 10.Be2 h6 
11.Bxe7 Bxe7 12.f4 Bc5+ 13.Kh1 Rb8 14.b3 O-O 
15.Nd2 c3 16.Nf3 d4 17.Bd3 a5 18.g4 Bb7 19.g5 h5 
20.Kg1 g6 {habe mit 19...hg gezögert,bin nicht 
sicher,ob du mich am K"flügel erwischst du 
versuchst es immerwie}  21.Nh4 Qd5 22.f5 Qh1+ 
23.Kf2 Qxh2+ 24.Ke1 Qxh4+ 25.Rf2 Qg3 {mal schaun, 
ob*s schon reicht ; )}  26.Qe2 
h4 0-1

[Event "HCL-B232"]
[Site "www.playchess.de"]
[Date "2001.03.19"]
[Round "10"]
[White "lonewolf"]
[Black "dakini"]
[WhiteElo "1159"]
[BlackElo "1145"]
[PlyCount "25"]
[Result "1-0"]

1.d4 {Hi,good luck}  d5 {thanks! let´s play a nice 
game!}  2.Nf3 Nf6 3.c4 e6 4.Bg5 c5 5.cxd5 Qxd5 
6.Nc3 Qc4 7.e3 Qb4 8.a3 Qxb2 9.Na4 Qxf2+ 10.Kxf2 
Ng4+ 11.Kg1 Bd6 12.Bb5+ Nc6 13.d5 1-0

[Event "ACL-A124"]
[Site "www.playchess.de"]
[Date "2001.03.19"]
[Round "6"]
[White "Alyaspogi"]
[Black "patharp"]
[WhiteElo "1540"]
[BlackElo "1500"]
[PlyCount "76"]
[Result "0-1"]

1.e4 e6 2.d4 d5 3.e5 c5 4.Nf3 Nc6 5.c3 Qb6 6.a3 
cxd4 7.cxd4 Nge7 8.Nc3 Nf5 9.Bb5 Bd7 10.Bxc6 Bxc6 
11.h3 h5 12.Bg5 Qxb2 13.Ne2 Qb6 14.O-O Qc7 15.Qb3 
Be7 16.Rfc1 O-O 17.g4 Bxg5 18.Nxg5 hxg4 19.hxg4 
Qe7 20.f4 Nh6 21.Qd3 g6 22.Kg2 Kg7 23.Rch1 Rfh8 
24.Rh4 f5 25.Rah1 Qe8 26.gxf5 gxf5 27.Qh3 Qg6 
28.Kf3 Rac8 29.Rg1 Ng4 30.Rh1 Rxh4 31.Qxh4 Qh6 
32.Nxe6+ Qxe6 33.Qh7+ Kf8 34.Ng3 Bd7 35.Nxf5 Rc3+ 
36.Ke2 Qf7 37.Qxf7+ Kxf7 38.Nd6+ 
Kg6 0-1

[Event "ACL-A124"]
[Site "www.playchess.de"]
[Date "2001.03.19"]
[Round "9"]
[White "janaj"]
[Black "Alyaspogi"]
[WhiteElo "1500"]
[BlackElo "1540"]
[PlyCount "39"]
[Result "1-0"]

1.e4 d5 2.e5 e6 3.d4 c5 4.c3 Nc6 5.Bb5 cxd4 6.Qxd4 
Nge7 7.Bg5 Bd7 8.Nf3 Nxd4 9.Nxd4 Bxb5 10.Nxb5 Qb6 
11.Nd6+ Kd7 12.O-O {Hallo, where in USA do you 
live?}  Ng6 13.Be3 {-}  Qxb2 14.Nd2 Bxd6 15.exd6 
Kxd6 16.Rfd1 Qxc3 17.Ne4+ Ke7 18.Nxc3 Rhc8 19.Nb5 
a6 20.Nd4 1-0

[Event "HCL-C237"]
[Site "www.playchess.de"]
[Date "2001.03.19"]
[Round "5"]
[White "King_Slayer"]
[Black "Captain_Howdy"]
[WhiteElo "1411"]
[BlackElo "1000"]
[PlyCount "82"]
[Result "0-1"]

1.d4 Nf6 2.c4 g6 3.Nc3 d5 4.Nf3 Bg7 5.cxd5 Nxd5 
6.Qb3 Nxc3 7.bxc3 O-O 8.e3 c5 9.Bd2 Nc6 10.Be2 b6 
11.O-O Qc7 12.e4 Rb8 13.d5 Na5 14.Qc2 Bg4 15.g3 
Bxf3 16.Bxf3 Nc4 17.Rad1 e6 18.Qb3 Na5 19.Qc2 Nc4 
20.Be2 Nd6 21.Bf4 e5 22.Be3 f5 23.exf5 Nxf5 24.Qd3 
Nxe3 25.Qxe3 Qd6 26.h4 a6 27.h5 b5 28.hxg6 Qxg6 
29.Qxc5 Rfc8 30.Qe3 e4 31.Rdc1 Bh6 32.Qd4 Bxc1 
33.Rxc1 Rb6 34.Kg2 Rd6 35.f3 Qh5 36.Qxe4 Re8 
37.Rh1 Rxe4 38.Rxh5 Rxe2+ 39.Kh3 Rxa2 40.Re5 Kf7 
41.f4 Rd2 0-1

[Event "ACL-A113"]
[Site "www.playchess.de"]
[Date "2001.03.19"]
[Round "20"]
[White "deadeasy"]
[Black "bomber"]
[WhiteElo "1500"]
[BlackElo "1500"]
[PlyCount "25"]
[Result "1-0"]

1.d4 Nf6 2.Nc3 e6 3.e4 Bb4 4.Bd3 d5 5.e5 Nfd7 {hi} 
 6.Qg4 {hi wesley. if your rating is accurate yyou 
are very strong for 13. i could not play at that 
age :-)}  O-O {Thankyou, my top rating was 1549 at 
a live chess site. :-)}  7.Bh6 {is that on icc? i 
play there as poshpawn. it is the best site for 
real time chess}  g6 {No on the 
http://www.worldchessnetwork.com I like that site 
the best.}  8.Bxf8 {i have not heard of that site. 
i will pay a visit}  Qxf8 9.Nge2 f6 {You are 
winning here}  10.Qxe6+ {think f6 was an error. 
what chess program r u using? i have bringer but 
it cannot evaluate this line}  Kh8 {I am not using 
a program.}  11.Qxd5 {why not just enter HCL 
events? using bringer (which is free) prevents 
outright blunders......i hope}  Nb6 12.Qf3 N8d7 
{Well, it was a good game, you played well, I 
didn't. I think I will resign after you move.}  
13.a3 {then thank you. i am sure we will play 
again. good luck in your other games} 
 1-0

[Event "HCL-A108"]
[Site "www.playchess.de"]
[Date "2001.03.19"]
[Round "10"]
[White "Alyaspogi"]
[Black "One_i"]
[WhiteElo "1443"]
[BlackElo "1657"]
[PlyCount "72"]
[Result "0-1"]

1.e4 d5 {Good luck to you from Canada}  2.exd5 Nf6 
3.Nf3 Qxd5 4.Nc3 Qh5 5.Be2 Bg4 6.a4 Nc6 7.h3 {Hi. 
5 ph2-h3 would been better.}  e6 8.d4 Be7 9.O-O 
Bxf3 10.Bxf3 Qg6 11.Bf4 Bd6 12.Bxd6 cxd6 13.d5 Ne5 
14.dxe6 Nxf3+ 15.Qxf3 fxe6 16.Qxb7 O-O 17.Rac1 a6 
18.b3 Rfb8 19.Qf3 Rbf8 20.Qd3 Qxd3 21.cxd3 Kf7 
22.Ne4 Nxe4 23.dxe4 Ra7 24.Rfd1 Rd8 25.f3 a5 
26.Rc6 Ke7 27.Kf2 Rdd7 28.Ke3 Rab7 29.Rd3 Rbc7 
30.Ra6 Rca7 31.Rxa7 Rxa7 32.f4 Rc7 33.Kd2 Rc5 
34.g4 Kd7 35.Rc3 Kc6 36.Kd3 d5 0-1